| 000 | 00480nam a22001697a 4500 | ||
|---|---|---|---|
| 003 | CEME | ||
| 005 | 20210628202700.0 | ||
| 008 | 210203b xxu||||| |||| 00| 0 eng d | ||
| 040 | _c. | ||
| 082 | _a923.15491 NAT | ||
| 100 |
_aWaheed Ahmad _961058 |
||
| 245 | _aThe nation's voice, speeches of quaid-e-azam mohammad ali jinnah | ||
| 250 | _a7 VOLS | ||
| 260 |
_aLAHORE _bQUAID-I-AZAM UNIVERISTY _c2003 |
||
| 650 |
_aQUAID AZAM SPEECHES AND STATEMENTS _961059 |
||
| 942 |
_cBK _2ddc |
||
| 999 |
_c570623 _d570623 |
||